Every 100,000+ City in The Indonesian Islands - Statistics

General Stats
  • This quiz has been taken 86 times
    27 since last reset
  • The average score is 53 of 175
Answer Stats
Letter Population City % Correct
J 35,511,073 Jakarta
100%
B 8,089,462 Bandung
96%
D 1,580,774 Denpasar
96%
S 9,106,942 Surabaya
96%
M 3,732,414 Medan
91%
Y 3,506,489 Yogyakarta
91%
P 1,887,186 Palembang
87%
M 1,737,390 Makassar
78%
S 1,631,015 Surakarta
78%
B-S-B 278,603 Bandar Seri Begawan
74%
B 1,858,910 Batam
74%
P 1,072,560 Padang
74%
S 1,809,347 Semarang
74%
B 3,926,050 Bekasi
70%
D 295,520 | 3,220,258 Depok
70%
B 755,036 Balikpapan
65%
B-A 517,091 Banda Aceh
65%
C 561,980 Cirebon
65%
J 418,153 Jayapura
65%
S 1,157,143 Samarinda
65%
T 2,626,610 Tangerang
65%
B-L 1,214,684 Bandar Lampung
61%
B 1,327,408 Bogor
61%
P 735,146 Pontianak
61%
A 605,014 Ambon
57%
K 480,256 Kupang
57%
M 473,607 Manado
57%
P 1,364,701 Pekanbaru
57%
B 207,510 Banjar
52%
J 686,548 Jambi
52%
M 1,046,347 Malang
52%
M 561,815 Mataram
52%
B 800,137 Banjarmasin
48%
G 209,535 Gorontalo
48%
P 392,142 Palu
48%
T 236,840 Tanjungpinang
48%
K 357,108 Kendari
43%
S 816,953 Serang
43%
S-T 1,504,948 South Tangerang
43%
B 402,066 Bengkulu
39%
C 520,116 Cilegon
39%
C 590,782 Cimahi
39%
P 231,297 Pangkalpinang
39%
S 201,369 Salatiga
39%
S 305,973 Sorong
39%
T 741,760 Tasikmalaya
39%
B 297,059 Banjarbaru
35%
B 124,047 Bukittinggi
35%
K 302,992 Kediri
35%
M 118,503 Merauke
35%
M 182,366 Metro
35%
M 141,785 Mojokerto
35%
P 313,894 Palangkaraya
35%
P 317,524 Pekalongan
35%
T 211,075 Ternate
35%
B 117,558 Banyuwangi
30%
B 221,714 Batu
30%
B 194,339 Bontang
30%
C 392,971 Cilacap
30%
D 115,115 Demak
30%
K 1,207,880 Karawang
30%
M 202,544 Madiun
30%
M 122,150 Magelang
30%
M 136,302 Manokwari
30%
P 163,150 Parepare
30%
P 152,211 Pemalang
30%
P-M 530,772 Port Moresby
30%
P 211,589 Prabumulih
30%
P 246,980 Probolinggo
30%
S 249,812 Singkawang
30%
S 364,914 Sukabumi
30%
T 183,170 Tanjungbalai
30%
T 428,139 Tegal
30%
B-B 162,031 Bau-bau
26%
B 165,113 Bima
26%
B 159,781 Blitar
26%
C 176,368 Cianjur
26%
D 324,590 Dili
26%
E 103,077 Ende
26%
J 140,200 Jember
26%
K 124,198 Kotamobagu
26%
K 208,005 Kuta
26%
L 224,715 Lhokseumawe
26%
P 236,217 Padangsidempuan
26%
P 201,718 Palopo
26%
S 6,152,740 Singapore
26%
T 255,011 Tarakan
26%
T-T 178,914 Tebing Tinggi
26%
T 103,072 Tomohon
26%
B 306,095 Binjai
22%
B 238,066 Bitung
22%
B 189,721 Brebes
22%
D 229,012 Dumai
22%
G 207,114 Gresik
22%
I 122,400 Indramayu
22%
L 246,394 Lubuklinggau
22%
N 101,035 Nabire
22%
P-A 150,881 Pagar Alam
22%
P 101,465 Pariaman
22%
P 279,198 Pematangsiantar
22%
P 183,613 Purwakarta
22%
P 236,162 Purwokerto
22%
R 133,044 Rembang
22%
S 363,770 Sidoarjo
22%
S 165,553 Singaraja
22%
S 141,038 Subang
22%
S 127,199 Sumedang
22%
T 122,044 Tuban
22%
T 106,367 Tulungagung
22%
B 136,145 Batang
17%
C 105,856 Ciamis
17%
C 801,186 Cikarang
17%
G 102,644 Gunungsitoli
17%
K 235,022 Klaten
17%
L 176,079 Lae
17%
L 191,072 Langsa
17%
P 111,366 Pati
17%
P 172,005 Ponorogo
17%
S 119,004 Sibolga
17%
S 155,955 Situbondo
17%
S 121,994 Sragen
17%
T 144,905 Timika
17%
B 115,932 Bondowoso
13%
B 117,094 Boyolali
13%
K 113,995 Kotabaru
13%
K 113,860 Kuningan
13%
M 185,983 Mamuju
13%
N 112,774 Nganjuk
13%
P 174,958 Pacitan
13%
P 146,410 Payakumbuh
13%
S 130,867 Sampang
13%
S-P 107,096 Sungai Penuh
13%
T 118,613 Tidore
13%
B 162,955 Banjarnegara
9%
B 149,116 Baturaja
9%
C 365,387 Cibinong
9%
C 105,264 Curup
9%
D 126,553 Duri
9%
K 133,030 Kebumen
9%
K 107,162 Kepanjen
9%
K 127,619 Kotabumi
9%
L 109,036 Lahat
9%
M-H 104,172 Mount Hagen
9%
P-B 108,511 Pangkalan Bun
9%
P 132,684 Praya
9%
P 139,387 Purwodadi
9%
R 144,733 Rangkasbitung
9%
S 172,093 Sampit
9%
S 100,085 Sintang
9%
S 116,780 Soreang
9%
S 106,188 Sungailiat
9%
T-M 223,450 Tanjung Morawa
9%
T 106,669 Tenggarong
9%
W 151,554 Watampone
9%
W 145,559 Wonogiri
9%
D 139,044 Dalung
4%
J 143,301 Jombang
4%
K 266,009 Karimun
4%
M 101,995 Magetan
4%
M 125,164 Martapura
4%
M-E 138,055 Muara Enim
4%
N 176,735 Ngamprah
4%
P 120,488 Palabuhanratu
4%
P 102,140 Polewali
4%
S 113,930 Sangatta
4%
S-B 103,990 Sumbawa Besar
4%
S 102,973 Sumber
4%
T 110,093 Tanjungpandan
4%
T 163,531 Tigaraksa
4%
U 164,916 Ungaran
4%
K 106,550 Ketapang
0%
P 117,944 Pinrang
0%
P 212,466 Pusuruan
0%
S-T 115,660 South Tarogong
0%
No matching quizzes found
Score Distribution
Percent of People with Each Score
Percentile by Number Answered
Your Score History
You have not taken this quiz since the last reset